[Event "XIV. DBMM Schach"]
[Site "Dresden"]
[Date "2014.11.20"]
[Round "2.4"]
[White "Nayebi, Babak"]
[Black "Bohn, Christoph"]
[Result "1-0"]
[WhiteElo "1627"]
[BlackElo "1920"]
[Annotator "br"]
[PlyCount "41"]
[EventDate "2014.??.??"]
[EventType "team-swiss"]
[EventRounds "7"]
[EventCountry "GER"]
[Source "FV Schach e.V."]
[SourceDate "2015.07.06"]
[WhiteTeam "Europark Altenberg"]
[BlackTeam "Transit Hamburg"]
[WhiteTeamCountry "GER"]
[BlackTeamCountry "GER"]

1. d4 f5 2. g4 d5 3. Qd3 fxg4 4. h3 g6 5. hxg4 Bxg4 6. Bh3 Bxh3 7. Nxh3 Nc6 8.
Ng5 Nb4 9. Qb5+ Nc6 10. Qxb7 Nxd4 11. Qa6 Qd6 12. Qa4+ Nc6 13. Nc3 a6 14. Bf4
Qd7 15. O-O-O e6 16. e4 d4 17. Nxh7 Bg7 18. Ne2 e5 19. Bg5 Bh6 20. Rxh6 Nxh6
21. Nf6+ 1-0

[Event "XIV. DBMM Schach"]
[Site "Dresden"]
[Date "2014.11.20"]
[Round "2.1"]
[White "Blum, Norbert"]
[Black "Hilbig, Olaf"]
[Result "0-1"]
[WhiteElo "2009"]
[BlackElo "2167"]
[Annotator "br"]
[PlyCount "62"]
[EventDate "2014.??.??"]
[EventType "team-swiss"]
[EventRounds "7"]
[EventCountry "GER"]
[Source "FV Schach e.V."]
[SourceDate "2015.07.06"]
[WhiteTeam "Sparkassen-Vers. Stuttgart"]
[BlackTeam "BSG Commerzbank Frankfurt"]
[WhiteTeamCountry "GER"]
[BlackTeamCountry "GER"]

1. e4 c5 2. c3 d5 3. exd5 Qxd5 4. d4 e5 5. Nf3 Bg4 6. Be2 e4 7. Ng5 Bxe2 8.
Qxe2 Nc6 9. dxc5 O-O-O 10. b4 Nf6 11. Be3 h6 12. Nh3 Ne5 13. Nf4 Qd7 14. O-O g5
15. Nh5 Nxh5 16. Qxh5 f5 17. Bd4 Bg7 18. Na3 Nd3 19. Bxg7 Qxg7 20. Nb5 Nf4 21.
Qd1 Rxd1 22. Raxd1 Ne2+ 23. Kh1 Nxc3 24. Nd6+ Kb8 25. Rd2 f4 26. Rc2 e3 27.
fxe3 fxe3 28. Nf5 Qe5 29. Ng3 Rd8 30. Ne2 Nxe2 31. Rxe2 Rd2 0-1

[Event "XIV. DBMM Schach"]
[Site "Dresden"]
[Date "2014.11.20"]
[Round "2.2"]
[White "Fischer, Alexander"]
[Black "Marten, Gero"]
[Result "1/2-1/2"]
[WhiteElo "2038"]
[BlackElo "2010"]
[Annotator "br"]
[PlyCount "89"]
[EventDate "2014.??.??"]
[EventType "team-swiss"]
[EventRounds "7"]
[EventCountry "GER"]
[Source "FV Schach e.V."]
[SourceDate "2015.07.06"]
[WhiteTeam "BSG Commerzbank Frankfurt"]
[BlackTeam "Sparkassen-Vers. Stuttgart"]
[WhiteTeamCountry "GER"]
[BlackTeamCountry "GER"]

1. d4 Nf6 2. c4 e6 3. Nc3 Bb4 4. e3 b6 5. Nge2 O-O 6. a3 Be7 7. d5 a5 8. g3 e5
9. Bg2 d6 10. O-O Nbd7 11. b3 Nc5 12. e4 Ne8 13. Bb2 g6 14. b4 Na6 15. Nb5 Bd7
16. Bc3 c6 17. dxc6 Bxc6 18. f4 axb4 19. axb4 Bxb5 20. cxb5 Nac7 21. Rxa8 Qxa8
22. fxe5 dxe5 23. Qd7 Qa2 24. Nc1 Qe6 25. Bh3 Qxd7 26. Bxd7 f6 27. Nd3 Nd6 28.
Bc6 Ndxb5 29. Be1 Rd8 30. Nb2 Rd4 31. Na4 Bxb4 32. Bxb4 Rxb4 33. Nxb6 Kg7 34.
Nd5 Nxd5 35. exd5 Nd4 36. Ra1 f5 37. Ra7+ Kf6 38. Rxh7 e4 39. Be8 e3 40. Rf7+
Kg5 41. Re7 Rb1+ 42. Kg2 Rb2+ 43. Kf1 Rb1+ 44. Kg2 Rb2+ 45. Kf1 1/2-1/2

[Event "XIV. DBMM Schach"]
[Site "Dresden"]
[Date "2014.11.20"]
[Round "2.3"]
[White "Bischoff, Ulrich"]
[Black "Lutterbey, Ralf"]
[Result "1-0"]
[WhiteElo "2107"]
[BlackElo "1903"]
[Annotator "br"]
[PlyCount "123"]
[EventDate "2014.??.??"]
[EventType "team-swiss"]
[EventRounds "7"]
[EventCountry "GER"]
[Source "FV Schach e.V."]
[SourceDate "2015.07.06"]
[WhiteTeam "Sparkassen-Vers. Stuttgart"]
[BlackTeam "BSG Commerzbank Frankfurt"]
[WhiteTeamCountry "GER"]
[BlackTeamCountry "GER"]

1. e4 d5 2. exd5 Qxd5 3. Nc3 Qa5 4. d4 e5 5. dxe5 Bb4 6. Nf3 Bg4 7. Bd2 Nc6 8.
Bb5 Nge7 9. a3 Bxc3 10. Bxc6+ Nxc6 11. Bxc3 Qb5 12. Qd3 Qxd3 13. cxd3 O-O-O 14.
O-O-O Bxf3 15. gxf3 Nd4 16. Kb1 Rhe8 17. f4 Ne2 18. d4 Nxf4 19. Rhe1 Nd5 20.
Kc2 Re6 21. Rg1 g6 22. Rde1 c5 23. dxc5 Nxc3 24. Kxc3 Rd5 25. f4 Rxc5+ 26. Kd3
f6 27. Rc1 Rxc1 28. Rxc1+ Kd7 29. Kd4 fxe5+ 30. fxe5 Rb6 31. b4 a5 32. bxa5 Rb3
33. Rc3 Rb5 34. Rc5 Rb3 35. a4 Rh3 36. Rb5 Kc7 37. e6 Rxh2 38. Re5 Kd8 39. e7+
Ke8 40. Kc5 Rd2 41. Kb6 Rd7 42. a6 bxa6 43. Kxa6 h5 44. Kb6 h4 45. a5 h3 46. a6
h2 47. Re1 g5 48. Rh1 Rd2 49. a7 Rb2+ 50. Ka6 Ra2+ 51. Kb7 Rb2+ 52. Kc6 Rc2+
53. Kd5 Ra2 54. Rxh2 Ra5+ 55. Ke6 Ra6+ 56. Kf5 Ra5+ 57. Kf6 Ra6+ 58. Kxg5 Ra5+
59. Kf6 Ra6+ 60. Ke5 Ra5+ 61. Kd6 Ra6+ 62. Kc5 1-0

[Event "XIV. DBMM Schach"]
[Site "Dresden"]
[Date "2014.11.20"]
[Round "2.4"]
[White "Brauer, Frank"]
[Black "Lau, Peter"]
[Result "1/2-1/2"]
[WhiteElo "1883"]
[BlackElo "1824"]
[Annotator "fb"]
[PlyCount "44"]
[EventDate "2014.??.??"]
[EventType "team-swiss"]
[EventRounds "7"]
[EventCountry "GER"]
[Source "FV Schach e.V."]
[SourceDate "2015.07.06"]
[WhiteTeam "BSG Commerzbank Frankfurt"]
[BlackTeam "Sparkassen-Vers. Stuttgart"]
[WhiteTeamCountry "GER"]
[BlackTeamCountry "GER"]

1. e4 e6 2. d4 d5 3. exd5 exd5 4. c4 Nf6 5. Nc3 Be6 6. cxd5 Nxd5 7. Nf3 Be7 8.
Bd3 Nd7 9. O-O O-O 10. Re1 N7f6 11. Bg5 h6 12. Bh4 c5 13. Nxd5 Nxd5 14. Bxe7
Qxe7 15. dxc5 Qxc5 16. Rc1 Qb6 17. Bc4 Rad8 18. Qb3 Qxb3 19. Bxb3 Nf4 20. Bxe6
Nxe6 21. Red1 Rxd1+ 22. Rxd1 Rd8 1/2-1/2

[Event "XIV. DBMM Schach"]
[Site "Dresden"]
[Date "2014.11.20"]
[Round "2.2"]
[White "Tokarev, Igor"]
[Black "Weidl, Robert"]
[Result "1/2-1/2"]
[WhiteElo "2001"]
[BlackElo "1909"]
[Annotator "br"]
[PlyCount "113"]
[EventDate "2014.??.??"]
[EventType "team-swiss"]
[EventRounds "7"]
[EventCountry "GER"]
[Source "FV Schach e.V."]
[SourceDate "2015.07.06"]
[WhiteTeam "SV OSRAM Augsburg"]
[BlackTeam "ADAC Muenchen"]
[WhiteTeamCountry "GER"]
[BlackTeamCountry "GER"]

1. d4 Nf6 2. Nf3 g6 3. c4 Bg7 4. Nc3 O-O 5. e4 d6 6. Be2 e5 7. d5 a5 8. Bg5 h6
9. Bh4 g5 10. Bg3 Na6 11. Nd2 Nc5 12. O-O Bd7 13. Qc2 Qc8 14. Nb3 Ncxe4 15.
Nxe4 Nxe4 16. Qxe4 f5 17. Qc2 f4 18. Nd2 fxg3 19. hxg3 Bf5 20. Bd3 Bxd3 21.
Qxd3 Qf5 22. Qxf5 Rxf5 23. Ne4 b6 24. Rfe1 g4 25. Kf1 Raf8 26. Ke2 Rh5 27. Rh1
Rff5 28. b3 Kf7 29. a3 Kg6 30. b4 axb4 31. axb4 Rxh1 32. Rxh1 Bf8 33. Rh4 h5
34. Rh1 Be7 35. Ra1 Rf7 36. Ra7 Bd8 37. Kd3 h4 38. gxh4 Bxh4 39. g3 Bg5 40. Ra8
Bc1 41. Rg8+ Rg7 42. Rxg7+ Kxg7 43. Nc3 Ba3 44. Nb5 Bxb4 45. Nxc7 Bc5 46. Ke2
Kf6 47. Ne6 Kf5 48. f3 gxf3+ 49. Kxf3 e4+ 50. Ke2 Kg4 51. Nxc5 bxc5 52. Ke3
Kxg3 53. Kxe4 Kg4 54. Ke3 Kg3 55. Ke4 Kg4 56. Ke3 Kg3 57. Ke4 1/2-1/2

[Event "XIV. DBMM Schach"]
[Site "Dresden"]
[Date "2014.11.20"]
[Round "2.3"]
[White "Gempe, Anet"]
[Black "Kolb, Wolfgang"]
[Result "1/2-1/2"]
[WhiteElo "2027"]
[BlackElo "2067"]
[Annotator "br"]
[PlyCount "64"]
[EventDate "2014.??.??"]
[EventType "team-swiss"]
[EventRounds "7"]
[EventCountry "GER"]
[Source "FV Schach e.V."]
[SourceDate "2015.07.06"]
[WhiteTeam "ADAC Muenchen"]
[BlackTeam "SV OSRAM Augsburg"]
[WhiteTeamCountry "GER"]
[BlackTeamCountry "GER"]

1. e4 d5 2. exd5 Qxd5 3. Nc3 Qa5 4. Bc4 Nf6 5. d3 Bg4 6. f3 Bf5 7. Nge2 c6 8.
Qd2 Nbd7 9. Qg5 e6 10. g4 Ne5 11. Qe3 Nxc4 12. dxc4 Bxc2 13. Bd2 Qc5 14. Qxc5
Bxc5 15. Rc1 Bd3 16. Nf4 O-O-O 17. g5 Ng8 18. Nxd3 $11 Rxd3 19. Ke2 Rd7 20. Ne4
Be7 21. Bc3 f6 22. Rhd1 h6 23. gxf6 Nxf6 24. Rxd7 Kxd7 25. Rg1 Nxe4 26. fxe4
Rg8 27. Rxg7 Rxg7 28. Bxg7 Bg5 29. Be5 Ke7 30. Kf3 Kf7 31. Kg4 Kg6 32. h3 h5+
1/2-1/2

[Event "XIV. DBMM Schach"]
[Site "Dresden"]
[Date "2014.11.20"]
[Round "2.4"]
[White "Zunic, Josef"]
[Black "Obermeier, Karlheinz"]
[Result "1/2-1/2"]
[WhiteElo "1807"]
[BlackElo "1553"]
[Annotator "br"]
[PlyCount "61"]
[EventDate "2014.??.??"]
[EventType "team-swiss"]
[EventRounds "7"]
[EventCountry "GER"]
[Source "FV Schach e.V."]
[SourceDate "2015.07.06"]
[WhiteTeam "SV OSRAM Augsburg"]
[BlackTeam "ADAC Muenchen"]
[WhiteTeamCountry "GER"]
[BlackTeamCountry "GER"]

1. e4 e5 2. Nf3 Nc6 3. Bc4 d6 4. d3 Be7 5. h3 Nf6 6. O-O O-O 7. Nc3 Na5 8. Bb3
Nxb3 9. axb3 a6 10. Nd5 Nxd5 11. exd5 Bd7 12. Nh2 f5 13. f4 exf4 14. Bxf4 Bg5
15. Qd2 Bxf4 16. Rxf4 Qf6 17. c4 Rae8 18. Rf2 Qg6 19. Re1 Qg3 20. Rfe2 Qg6 21.
Nf3 Rxe2 22. Rxe2 Re8 23. Kf2 Kf8 24. d4 Qf6 25. Ng5 Rxe2+ 26. Kxe2 Qg6 27. Kf2
h6 28. Nf3 Qf6 29. Qe3 Kf7 $11 30. Ke2 g5 31. Ne1 1/2-1/2

[Event "XIV. DBMM Schach"]
[Site "Dresden"]
[Date "2014.11.20"]
[Round "2.1"]
[White "Jaehnisch, Frank"]
[Black "Bumes, Konrad"]
[Result "1-0"]
[WhiteElo "2208"]
[BlackElo "1848"]
[Annotator "br"]
[PlyCount "77"]
[EventDate "2014.??.??"]
[EventType "team-swiss"]
[EventRounds "7"]
[EventCountry "GER"]
[Source "FV Schach e.V."]
[SourceDate "2015.07.06"]
[WhiteTeam "SV OSRAM Berlin"]
[BlackTeam "EPA Muenchen II"]
[WhiteTeamCountry "GER"]
[BlackTeamCountry "GER"]

1. d4 d5 2. c4 c6 3. cxd5 cxd5 4. Nc3 Nf6 5. Bf4 e6 6. e3 a6 7. Bd3 Bd6 8. Bxd6
Qxd6 9. f4 Nc6 10. Nf3 Bd7 11. Ne5 h5 12. O-O Rh6 13. Rc1 Ke7 14. a3 Rg8 15.
Nf3 Ng4 16. Qe2 g5 17. h3 gxf4 18. exf4 Nf6 19. Qe3 h4 20. Rce1 Rg3 21. Ne2 Rg7
22. Nc3 Rg3 23. Ne2 Rg7 24. f5 Rh8 25. Rf2 Kd8 26. fxe6 Bxe6 27. Ne5 Nh5 28.
Nxc6+ Qxc6 29. Qf3 Qd6 30. Bf5 Ng3 31. Bxe6 Qxe6 32. Rc1 Ne4 33. Nf4 Qd6 34.
Rfc2 Kd7 35. Rc7+ Qxc7 36. Rxc7+ Kxc7 37. Nxd5+ Kd6 38. Qxe4 Rhg8 39. Qe5+ 1-0

[Event "XIV. DBMM Schach"]
[Site "Dresden"]
[Date "2014.11.20"]
[Round "2.2"]
[White "Santos, Paulo"]
[Black "Gebert Vangeel, Ralf"]
[Result "1/2-1/2"]
[WhiteElo "1800"]
[BlackElo "2041"]
[Annotator "rgv"]
[PlyCount "110"]
[EventDate "2014.??.??"]
[EventType "team-swiss"]
[EventRounds "7"]
[EventCountry "GER"]
[Source "FV Schach e.V."]
[SourceDate "2015.07.06"]
[WhiteTeam "EPA Muenchen II"]
[BlackTeam "SV OSRAM Berlin"]
[WhiteTeamCountry "GER"]
[BlackTeamCountry "GER"]

1. e4 e5 2. Nf3 Nc6 3. Nc3 Nf6 4. Bb5 Nd4 5. O-O Nxb5 6. Nxb5 c6 7. Nc3 Qc7 8.
d4 d6 9. Bg5 Be7 10. Re1 Bg4 11. dxe5 dxe5 12. h3 Bh5 13. Qd3 h6 14. Bh4 Rd8
15. Qe3 Bxf3 16. Qxf3 Qb6 17. b3 Rd2 18. Re2 Qd4 19. Rxd2 Qxd2 20. Qd3 Qxd3 21.
cxd3 O-O 22. Kf1 Bb4 23. Nd1 Nd7 24. a3 Bc5 25. b4 Bd4 26. Rc1 f5 27. f3 fxe4
28. dxe4 Nf6 29. Bxf6 Rxf6 30. a4 Kf7 31. Nc3 Rd6 32. Ke2 h5 33. a5 h4 34. Nd1
Rg6 35. Kf1 Ke7 36. Nf2 Rd6 37. Nd3 b6 38. Ke2 Kd7 39. axb6 axb6 40. Rc2 Kc7
41. Ra2 Kb7 42. Ra3 Rg6 43. Kf1 c5 44. bxc5 bxc5 45. Ra2 Rb6 46. Rc2 Rb1+ 47.
Rc1 Rxc1+ 48. Nxc1 c4 49. Ke2 Kb6 50. Kd2 Kb5 51. Kc2 Kc5 52. Ne2 Bf2 53. Kd2
Kb4 54. Kc2 Kc5 55. Kd2 Kb4 1/2-1/2

[Event "XIV. DBMM Schach"]
[Site "Dresden"]
[Date "2014.11.20"]
[Round "2.3"]
[White "Mayer, Herbert"]
[Black "Lange, Ronny"]
[Result "0-1"]
[WhiteElo "1970"]
[BlackElo "1693"]
[Annotator "hm"]
[PlyCount "136"]
[EventDate "2014.??.??"]
[EventType "team-swiss"]
[EventRounds "7"]
[EventCountry "GER"]
[Source "FV Schach e.V."]
[SourceDate "2015.07.06"]
[WhiteTeam "SV OSRAM Berlin"]
[BlackTeam "EPA Muenchen II"]
[WhiteTeamCountry "GER"]
[BlackTeamCountry "GER"]

1. f4 d5 2. b3 Nf6 3. e3 g6 4. Bb2 Bg7 5. Nf3 O-O 6. Be2 c5 7. O-O Nc6 8. Ne5
Qc7 9. Nxc6 Qxc6 10. Bf3 Be6 11. d3 Rfd8 12. Qe2 Qd7 13. Nd2 Rac8 14. Rad1 d4
15. e4 Bh6 16. g3 Bg4 17. e5 Bxf3 18. Rxf3 Nd5 19. Re1 Rc6 20. Ne4 Ne3 21. Bc1
Nd5 22. Qg2 f5 23. Ng5 Bxg5 24. fxg5 e6 25. g4 b5 26. gxf5 exf5 27. h4 Re8 28.
h5 Rce6 29. hxg6 hxg6 30. Qh2 Qg7 31. Bf4 Nxf4 32. Qxf4 Rxe5 33. Rxe5 Qxe5 34.
Qxe5 Rxe5 35. Kf2 Re7 36. a3 Rh7 37. Kg3 Rh5 38. Kf4 Rh2 39. Ke5 Kg7 40. b4
cxb4 41. axb4 Rxc2 42. Kxd4 a6 43. Rg3 Kf7 44. Kd5 Rf2 45. d4 Rc2 46. Rh3 Kg7
47. Re3 Rc7 48. Re6 Ra7 49. Kc6 f4 50. Kb6 Rf7 51. Re2 Rf5 52. Rf2 Kf7 53. Kxa6
Ke6 54. Re2+ Kd5 55. Kxb5 Kxd4+ 56. Kc6 f3 57. Re1 f2 58. Rf1 Ke3 59. b5 Rxg5
60. b6 Rf5 61. b7 Rf8 62. Rb1 g5 63. Rb3+ Ke2 64. Rb2+ Kf3 65. Rb3+ Kg2 66. Rb2
Kg1 67. b8=Q Rxb8 68. Rxb8 f1=Q 0-1

[Event "XIV. DBMM Schach"]
[Site "Dresden"]
[Date "2014.11.20"]
[Round "2.4"]
[White "Sidoti, Filippo"]
[Black "Riess, Bernhard"]
[Result "0-1"]
[WhiteElo "1597"]
[BlackElo "1571"]
[Annotator "br"]
[PlyCount "102"]
[EventDate "2014.??.??"]
[EventType "team-swiss"]
[EventRounds "7"]
[EventCountry "GER"]
[Source "FV Schach e.V."]
[SourceDate "2015.07.06"]
[WhiteTeam "EPA Muenchen II"]
[BlackTeam "SV OSRAM Berlin"]
[WhiteTeamCountry "GER"]
[BlackTeamCountry "GER"]

1. c4 c6 2. Nf3 d5 3. d4 Nf6 4. Nc3 e6 5. c5 b6 6. b4 a5 7. Ba3 axb4 8. Bxb4
bxc5 9. dxc5 Be7 10. a3 O-O 11. e3 Nbd7 12. Na4 Ba6 13. Bxa6 Rxa6 14. Rc1 Qa8
15. Nb2 Qa7 16. Nd3 Ne4 17. O-O Ndxc5 18. Nxc5 Bxc5 19. Bxc5 Nxc5 20. Qd4 Ne4
21. Qxa7 Rxa7 22. Rxc6 Rxa3 23. Ne5 Rc3 24. Rxc3 Nxc3 25. Re1 Rc8 26. Kf1 Ne4
27. Nd3 Kf8 28. Rc1 Nd2+ 29. Ke2 Nc4 30. Nb2 Ke7 31. e4 Kd7 32. Nxc4 Rxc4 33.
Rxc4 dxc4 34. Ke3 Kd6 35. Kd4 c3 36. Kxc3 Ke5 37. Kd3 f5 38. exf5 exf5 39. Ke3
g5 40. h3 f4+ 41. Kf3 Kf5 42. g4+ Ke5 43. h4 gxh4 44. Kg2 Ke4 45. Kh3 Kf3 46.
Kxh4 Kxf2 47. Kh5 Kg3 48. g5 f3 49. Kh6 f2 50. Kxh7 f1=Q 51. g6 Qf5 0-1

[Event "XIV. DBMM Schach"]
[Site "Dresden"]
[Date "2014.11.20"]
[Round "2.1"]
[White "Raum, Norbert"]
[Black "Scharrer, Udo"]
[Result "1/2-1/2"]
[WhiteElo "1816"]
[BlackElo "1979"]
[Annotator "br"]
[PlyCount "32"]
[EventDate "2014.??.??"]
[EventType "team-swiss"]
[EventRounds "7"]
[EventCountry "GER"]
[Source "FV Schach e.V."]
[SourceDate "2015.07.06"]
[WhiteTeam "Baubehoerde Hamburg II"]
[BlackTeam "SG Stern Stuttgart"]
[WhiteTeamCountry "GER"]
[BlackTeamCountry "GER"]

1. d4 Nf6 2. Nf3 g6 3. Bg5 Bg7 4. e3 O-O 5. Bxf6 Bxf6 6. Nbd2 c5 7. c3 b6 8.
dxc5 bxc5 9. Ne4 Qb6 10. Nxf6+ Qxf6 11. Qd5 Qc6 12. Qxc6 Nxc6 13. Bb5 Bb7 14.
O-O d6 15. Rfe1 Rab8 16. b3 Kg7 1/2-1/2

[Event "XIV. DBMM Schach"]
[Site "Dresden"]
[Date "2014.11.20"]
[Round "2.2"]
[White "Karthaus, Carsten"]
[Black "Hoffeins, Hans Werner"]
[Result "1/2-1/2"]
[WhiteElo "1961"]
[BlackElo "1791"]
[Annotator "br"]
[PlyCount "46"]
[EventDate "2014.??.??"]
[EventType "team-swiss"]
[EventRounds "7"]
[EventCountry "GER"]
[Source "FV Schach e.V."]
[SourceDate "2015.07.06"]
[WhiteTeam "SG Stern Stuttgart"]
[BlackTeam "Baubehoerde Hamburg II"]
[WhiteTeamCountry "GER"]
[BlackTeamCountry "GER"]

1. e4 d6 2. d4 Nf6 3. Nc3 Nbd7 4. Nf3 e5 5. Bc4 exd4 6. Nxd4 Ne5 7. Be2 c6 8.
Bf4 Be7 9. Qd2 Qc7 10. O-O O-O 11. Bg3 b5 12. a3 a5 13. f4 Nc4 14. Bxc4 bxc4
15. b3 cxb3 16. cxb3 Nd7 17. Nf5 Nc5 18. Nxe7+ Qxe7 19. Qc2 f5 20. e5 d5 21.
Bf2 Ba6 22. Rfd1 Ne6 23. g3 Rab8 1/2-1/2

[Event "XIV. DBMM Schach"]
[Site "Dresden"]
[Date "2014.11.20"]
[Round "2.3"]
[White "Hartmann, Jens"]
[Black "Wepfer, Bernd"]
[Result "1/2-1/2"]
[WhiteElo "1600"]
[BlackElo "1879"]
[Annotator "br"]
[PlyCount "63"]
[EventDate "2014.??.??"]
[EventType "team-swiss"]
[EventRounds "7"]
[EventCountry "GER"]
[Source "FV Schach e.V."]
[SourceDate "2015.07.06"]
[WhiteTeam "Baubehoerde Hamburg II"]
[BlackTeam "SG Stern Stuttgart"]
[WhiteTeamCountry "GER"]
[BlackTeamCountry "GER"]

1. e4 c5 2. f4 g6 3. Nf3 Bg7 4. Bc4 e6 5. O-O Ne7 6. a3 d5 7. exd5 exd5 8. Ba2
O-O 9. Nc3 Nbc6 10. Ne2 Nf5 11. c3 Be6 12. Ng5 Bc8 13. Rb1 h6 14. Nf3 a5 15. d4
c4 16. b3 cxb3 17. Bxb3 Re8 18. Ne5 Be6 19. Ba4 Qc7 20. Bd2 Re7 21. Nc1 Nd6 22.
Ncd3 Ne4 23. Be1 Nxe5 24. Nxe5 Nxc3 25. Bxc3 Qxc3 26. Rf3 Qc8 27. Qd2 Bf5 28.
Rc1 Rc7 29. Rfc3 Rxc3 30. Rxc3 Qd8 31. Bc2 Rc8 32. Bxf5 1/2-1/2

[Event "XIV. DBMM Schach"]
[Site "Dresden"]
[Date "2014.11.20"]
[Round "2.4"]
[White "Molzan, Andreas"]
[Black "Hein, Andrea"]
[Result "1/2-1/2"]
[WhiteElo "1255"]
[BlackElo "1430"]
[Annotator "br"]
[PlyCount "49"]
[EventDate "2014.??.??"]
[EventType "team-swiss"]
[EventRounds "7"]
[EventCountry "GER"]
[Source "FV Schach e.V."]
[SourceDate "2015.07.06"]
[WhiteTeam "SG Stern Stuttgart"]
[BlackTeam "Baubehoerde Hamburg II"]
[WhiteTeamCountry "GER"]
[BlackTeamCountry "GER"]

1. e4 e5 2. Nf3 d6 3. Bc4 h6 4. Nc3 Nf6 5. d3 Nc6 6. Be3 Be7 7. Qd2 a6 8. O-O-O
Bg4 9. h3 Be6 10. Bxe6 fxe6 11. d4 exd4 12. Nxd4 Nxd4 13. Bxd4 e5 14. Be3 Qd7
15. g4 Qc6 16. f3 O-O-O 17. Nd5 Rhe8 18. Nxe7+ Rxe7 19. g5 hxg5 20. Bxg5 Rf7
21. Qd3 Rdf8 22. Rdf1 Nh5 23. Rhg1 Qd7 24. h4 Qh3 25. Rh1 1/2-1/2

[Event "XIV. DBMM Schach"]
[Site "Dresden"]
[Date "2014.11.20"]
[Round "2.1"]
[White "Harzer, Paul"]
[Black "Koerlin, Hans Juergen"]
[Result "1-0"]
[WhiteElo "2123"]
[BlackElo "1863"]
[Annotator "br"]
[PlyCount "59"]
[EventDate "2014.??.??"]
[EventType "team-swiss"]
[EventRounds "7"]
[EventCountry "GER"]
[Source "FV Schach e.V."]
[SourceDate "2015.07.06"]
[WhiteTeam "Deutsche Bahn/BSW Berlin II"]
[BlackTeam "BA Tempelhof Berlin II"]
[WhiteTeamCountry "GER"]
[BlackTeamCountry "GER"]

1. f4 e5 2. fxe5 d6 3. exd6 Bxd6 4. Nf3 Bg4 5. e3 h5 6. Nc3 Nf6 7. d4 Qe7 8.
Bd2 a6 9. Bd3 h4 10. Qe2 h3 11. O-O-O Nc6 12. g3 Rh5 13. Rdf1 Ra5 14. Kb1 O-O-O
15. Qe1 Nb4 16. Bc4 Rf5 17. Nh4 Rxf1 18. Rxf1 Ne4 19. Nxe4 Qxe4 20. Bxb4 Bxb4
21. Qxb4 g5 22. Bd3 Qxe3 23. Nf5 Bxf5 24. Bxf5+ Kb8 25. Bd3 Rxd4 26. Qf8+ Ka7
27. Qxf7 c5 28. a3 Qd2 29. Qf5 Qa5 30. b4 1-0

[Event "XIV. DBMM Schach"]
[Site "Dresden"]
[Date "2014.11.20"]
[Round "2.3"]
[White "Strauss, Peter"]
[Black "Bockelmann, Rolf"]
[Result "1-0"]
[WhiteElo "1751"]
[BlackElo "1709"]
[Annotator "br"]
[PlyCount "131"]
[EventDate "2014.??.??"]
[EventType "team-swiss"]
[EventRounds "7"]
[EventCountry "GER"]
[Source "FV Schach e.V."]
[SourceDate "2015.07.06"]
[WhiteTeam "Deutsche Bahn/BSW Berlin II"]
[BlackTeam "BA Tempelhof Berlin II"]
[WhiteTeamCountry "GER"]
[BlackTeamCountry "GER"]

1. d4 Nf6 2. c4 e5 3. dxe5 Ng4 4. Nf3 Nc6 5. Qd5 Bb4+ 6. Bd2 Bxd2+ 7. Nbxd2 Qe7
8. e3 Ncxe5 9. Be2 c6 $11 10. Qd4 d6 11. Ne4 O-O 12. Qxd6 Nxf3+ 13. Bxf3 Qh4
14. Qf4 f5 15. Qg5 Qh6 16. Bxg4 Qe6 17. Nd2 fxg4 18. O-O h6 19. Qa5 Rf5 20.
Qd8+ Rf8 21. Qd4 Kh8 22. Rad1 b6 23. b3 Bb7 24. c5 Rad8 25. Qc4 Qg6 26. Ne4
Rxd1 27. Rxd1 Bc8 28. cxb6 axb6 29. Rd6 Qf5 30. Qd4 Be6 31. Rd8 Rxd8 32. Qxd8+
Kh7 33. Ng3 Qb1+ 34. Nf1 b5 35. Qd2 Bd5 36. Qe2 h5 37. f3 gxf3 38. gxf3 Be6 39.
Kf2 Qf5 40. e4 Qh3 41. Ke1 Qh4+ 42. Kd2 Qg5+ 43. Ne3 Qe5 44. Ke1 Qa1+ 45. Kf2
Qe5 $11 46. Kg1 Bh3 47. Ng2 Qa1+ 48. Kf2 Qe5 49. f4 Qd4+ 50. Kg3 Bg4 51. Qc2
Qd7 52. Ne3 Kh6 53. Qc5 Be2 54. Qg5+ Kh7 55. Qf5+ Qxf5 56. Nxf5 Bd3 57. Kf3 Bb1
58. a3 Bc2 59. b4 Bb3 60. Nd4 Bc4 61. Nxc6 Kg8 62. Ke3 Kf7 63. Ne5+ Ke6 64.
Nxc4 bxc4 65. Kd4 Kf6 66. h4 1-0

[Event "XIV. DBMM Schach"]
[Site "Dresden"]
[Date "2014.11.20"]
[Round "2.4"]
[White "Warnest, Stefan"]
[Black "Kaiser, Horst"]
[Result "1/2-1/2"]
[WhiteElo "1424"]
[BlackElo "1832"]
[Annotator "br"]
[PlyCount "28"]
[EventDate "2014.??.??"]
[EventType "team-swiss"]
[EventRounds "7"]
[EventCountry "GER"]
[Source "FV Schach e.V."]
[SourceDate "2015.07.06"]
[WhiteTeam "BA Tempelhof Berlin II"]
[BlackTeam "Deutsche Bahn/BSW Berlin II"]
[WhiteTeamCountry "GER"]
[BlackTeamCountry "GER"]

1. e4 c5 2. Nf3 Nc6 3. d4 cxd4 4. Nxd4 Nf6 5. Nc3 a6 6. Bg5 Qa5 7. Bxf6 exf6 8.
Nxc6 dxc6 9. Be2 Bb4 10. Qd3 Be6 11. O-O Bxc3 12. Qxc3 Qxc3 13. bxc3 Rd8 14.
Bd3 O-O 1/2-1/2

[Event "XIV. DBMM Schach"]
[Site "Dresden"]
[Date "2014.11.20"]
[Round "2.1"]
[White "Wirth, Volker"]
[Black "Dekker, Derk"]
[Result "0-1"]
[WhiteElo "1717"]
[BlackElo "1856"]
[Annotator "br"]
[PlyCount "28"]
[EventDate "2014.??.??"]
[EventType "team-swiss"]
[EventRounds "7"]
[EventCountry "GER"]
[Source "FV Schach e.V."]
[SourceDate "2015.07.06"]
[WhiteTeam "Sparkassen-Vers. Stuttgart II"]
[BlackTeam "EPA Muenchen"]
[WhiteTeamCountry "GER"]
[BlackTeamCountry "GER"]

1. d4 d5 2. c4 e5 3. dxe5 d4 4. e3 Bb4+ 5. Bd2 dxe3 6. fxe3 Bxd2+ 7. Nxd2 Qg5
8. Qb3 Qxe5 9. Ngf3 Qe7 10. Be2 Nf6 11. O-O O-O 12. Bd3 Rd8 13. Rfe1 Nbd7 14.
Rac1 Nc5 0-1

[Event "XIV. DBMM Schach"]
[Site "Dresden"]
[Date "2014.11.20"]
[Round "2.2"]
[White "Liefrink, Feike"]
[Black "Brethauer, Tim"]
[Result "1/2-1/2"]
[WhiteElo "2025"]
[BlackElo "1641"]
[Annotator "br"]
[PlyCount "48"]
[EventDate "2014.??.??"]
[EventType "team-swiss"]
[EventRounds "7"]
[EventCountry "GER"]
[Source "FV Schach e.V."]
[SourceDate "2015.07.06"]
[WhiteTeam "EPA Muenchen"]
[BlackTeam "Sparkassen-Vers. Stuttgart II"]
[WhiteTeamCountry "GER"]
[BlackTeamCountry "GER"]

1. e4 e6 2. Nf3 d5 3. e5 c5 4. b4 Nc6 5. bxc5 Bxc5 6. d4 Be7 7. c3 f6 8. exf6
Nxf6 9. Bd3 O-O 10. O-O Qc7 11. Re1 Bd6 12. Qe2 Bd7 13. Ne5 Rae8 14. f4 Ne7 15.
a4 a6 16. g4 Kh8 17. g5 Ne4 18. Bxe4 dxe4 19. Qxe4 Bxe5 20. fxe5 Rf5 21. Be3
Ref8 22. Nd2 Bc6 23. Qd3 Nd5 24. Rf1 Nxe3 1/2-1/2